000 00324nam a22001217a 4500
999 _c534146
_d534146
040 _cdlc
082 _a891.4398
100 _aAlama Munawar Hussain Usmani / علامہ منور حُسین عثمانی
_928292
245 _aFront Seat
260 _aLahore
_bSanjh Publications
_cc2010
300 _a126;p
942 _2ddc
_cBK